Statistiques concernant Pays commençant par la lettre A

Cliquez ici pour prendre le quiz!

Statistiques générales

  • Ce quiz a été pris 204 584 fois
  • Le résultat moyen est 10 sur 14

Statistiques - réponses

Pays% Correct
Albanie
84%
Allemagne
84%
Australie
84%
Arménie
81%
Algérie
79%
Andorre
73%
Autriche
72%
Afghanistan
71%
Argentine
71%
Angola
69%
Afrique du Sud
66%
Azerbaïdjan
66%
Arabie Saoudite
60%
Antigua-et-Barbuda
46%

Distribution des résultats

Percentile par nombre de réponses

% des personnes avec chaque résultat

Votre développement - résultats

Vous n’avez pas pris ce quiz